000 00975nam a2200301 c 4500
003 BLK
005 20241004160356.0
008 180413b bul|||||r ||||||| ||bul||
010 _aKNG00027609000
020 _a954-8440-06-7
_bиздат.: Рива
040 _aBLK
041 _aBUL
_cBUL
080 _aИстория на САЩ
_b973
_x
_z973
100 1 _aБринкли, Алън
_eпърви автор
_943321
139 _aБринкли, Алън
_bБ 81
245 1 0 _aИстория на американския народ
_bНезавършената нация
_cАлън Бринкли.
260 София
_bРива
_c1999
300 _a912 с.
_c21 см
380 _a9
500 _aДеп. списък: депозит сп.25
653 _aистория
852 _aЦб 200657
856 4 _qpdf
_u
856 4 _qpdf
_u
942 _cKNG
_n0
_05
944 _aCR
_c15.01.2003
_k30531
_lЦветелина Шанова
944 _aED
_c15.06.2006
_k
999 _c25077
_d25077